书目信息 |
| 题名: |
奇妙的教育心理效应
|
|
| 作者: | 任顺元 | |
| 分册: | ||
| 出版信息: | 北京 教育科学 1990 |
|
| 页数: | 195页 | |
| 开本: | 20cm | |
| 丛书名: | ||
| 单 册: | ||
| 中图分类: | B849:G44 | |
| 科图分类: | ||
| 主题词: | 应用心理学 | |
| 电子资源: | ||
| ISBN: | 7-5041-0428-0?G.393 | |
| 000 | 00525nam0 2200181 450 | |
| 001 | 0753865015 | |
| 005 | 20070818145745.01 | |
| 010 | @a7-5041-0428-0?G.393@d¥3.50 | |
| 100 | @a20070818d km y0chiy0120 ea | |
| 101 | 0 | @achi |
| 200 | 1 | @a奇妙的教育心理效应@Aqi miao de jiao yu xin li xiao ying@f任顺元@Fren shun yuan |
| 210 | @a北京@c教育科学@d1990 | |
| 215 | @a195页@d20cm | |
| 606 | 0 | @a应用心理学 |
| 690 | @aB849:G44@v3 | |
| 701 | 0 | @a任顺元@Aren shun yuan |
| 801 | 0 | @aCN@bPFT@c20070818 |
| 905 | @a213230@dB849:G44@ee137@f1 | |
| 奇妙的教育心理效应/任顺元.-北京:教育科学,1990 |
| 195页;20cm |
| ISBN 7-5041-0428-0?G.393:¥3.50 |
| ● |
| 相关链接 |
|
|
|
|
正题名:奇妙的教育心理效应
索取号:B849:G44/e137
 
预约/预借
| 序号 | 登录号 | 条形码 | 馆藏地/架位号 | 状态 | 备注 |
| 1 | 6300207 | 263002075 | 教育系资料室/ [索取号:B849:G44/e137] | 在馆 | |
| 2 | 6300208 | 263002084 | 教育系资料室/ [索取号:B849:G44/e137] | 在馆 |